1654 1410 1082 1028 1652 1716 1264 1374 1641 1043 1142 1306 1847 1222 1687 1623 1584 1504 1971 1664 1783 1882 1639 1307 1856 1202 1565 1780 1841 1792 1540 1868 1448 1791 1904 1041 1835 1734 1179 1754 1392 1032 1464 1369 1814 1832 1576 1478 1071 1442 1723 1662 1407 1032 1438 1621 1742 1788 1465 1511 1318 1632 1041 1919 1378 1087 1845 1659 1146 1838 1477 1415 1111 1425 1360 1855 1277 1573 1596 1431 1853 1074 1269 1950 1424 2000 1246 1119 1617 1935 1479 1655 1275 1075 1720 1845 1025 1270 1653 BCNSPRNW ULIB Ver.6.0+V

เปลี่ยนเป็นภาษาไทย

Change to English
 แสดงรายละเอียดบรรณานุกรม
  กลับหน้าหลัก

Brief Record : Get Marc (ISO 2709) : E-mail record : QR code < ปิดหน้าต่าง
LEADER : 00000nam 2200000uu 4500
001    13399122983
003     ULIB
008    131119s2556||||th 000 0 tha d
060  4 WM274^bส854ร
100 0  ^aสุรศักดิ์ ไชยสงค์
245 10 ^aรายงานสถานการณ์การบริโภคเครื่องดื่มแอลกอฮอล์รายจังหวัด พ.ศ. 2554 = ^bProvincial alcohol report 2011 /^cคณะผู้จัดทำรายงาน: สุรศักดิ์ ไชยสงค์, กัณณพนต์ ภักดีเศรษฐกุล, ทักษพล ธรรมรังสี
246 31 ^aProvincial alcohol report 2011
250    ^aพิมพ์ครั้งที่ 1
260    ^aนนทบุรี :^bศูนย์วิจัยปัญหาสุรา,^c2556
300    ^a103 หน้า :^bภาพประกอบ ;^c30 ซม.
700 0  ^aกัณณพนต์ ภักดีเศรษฐกุล
700 0  ^aทักษพล ธรรมรังสี
710 2  ^aสำนักงานพัฒนานโยบายสุขภาพระหว่างประเทศ. ^bศูนย์วิจัยปัญหาสุรา
945    ^p0^l0^i034185
945    ^p0^l0^i034186
999    ^aเกษร โพธิ์สุวรรณ
รายการนี้ยังไม่มีแท็ก
คุณยังไม่ได้ล็อกอิน คุณสามารถมีกิจกรรมร่วมกับเว็บไซต์ได้ แต่ต้องล็อกอินก่อน ::
  ล็อกอิน

รายการสื่อสารสนเทศ

ลำดับที่ ประเภท เลขเรียก/บาร์โค้ด สถานที่ สถานะ
1. วิทยาศาสตร์การแพทย์ และสุขภาพ
หนังสือสำรอง
สถานะ=หนังสือสำรอง
WM274 ส854ร ฉ.1 
  Barcode: 034185
ห้องสมุดวิทยาเขตสวรรค์ประชารักษ์
►ส่วนจัดเก็บหนังสือเก่า สปร
บนชั้น
  ขอยืม
2. วิทยาศาสตร์การแพทย์ และสุขภาพ
วิทยาศาสตร์การแพทย์ และสุขภาพ
WM274 ส854ร ฉ.2 
  Barcode: 034186
ห้องสมุดวิทยาเขตสวรรค์ประชารักษ์
►ส่วนจัดเก็บหนังสือเก่า สปร
บนชั้น
  ขอยืม

BibComment


ยังไม่เคยถูกคอมเมนท์

คอมเมนท์ทรัพยากรรายการนี้
  คอมเมนท์: รายงานสถานการณ์ก..


 Copyright 2026. Bcnsprnw @Library